Katy Perry - Witness - Statistics

General Stats
  • This quiz has been taken 11 times
  • The average score is 11 of 17
Answer Stats
2017 Witness % Correct
11 Bon Appétit (feat. Migos)
83%
9 Chained To The Rhythm (feat. Skip Marley)
83%
16 Dance With The Devil
83%
5 Déjá Vu
83%
2 Hey Hey Hey
83%
6 Power
83%
3 Roulette
83%
4 Swish Swish (feat. Nicki Minaj)
83%
7 Mind Maze
67%
14 Pendulum
67%
1 Witness
67%
12 Bigger Than Me
50%
15 Into Me You See
50%
13 Save As Draft
50%
17 Act My Age
33%
8 Miss You More
33%
10 Tsumani
17%
No matching quizzes found
Score Distribution
Percent of People with Each Score
Percentile by Number Answered
Your Score History
You have not taken this quiz